000
00302nam a22001337a 4500
008
181217b xxu||||| |||| 00| 0 eng d
020
_a
2740350373611
041
_a
eng
080
_a
721
100
_a
45
101
_a
NDE
245
_a
Visualizing Environmental Science
_c
Berg.R
942
_2
udc
_c
BK
999
_c
53286
_d
53286